000 00307nam a22001337a 4500
008 170620b xxu||||| |||| 00| 0 eng d
020 _a0813379067
041 _aeng
080 _22ND
_a328
100 _a20
101 _aSHP
245 _aGOVERNMENT AND POLITICS IN SOUTH ASIA
_cBAXTER,C
942 _2udc
_cBK
999 _c18248
_d18248